Library Banner

Modernity and the hegemony of vision/ (Record no. 99462)

MARC details
000 -LEADER
fixed length control field 00410nam a22001457a 4500
005 - DATE AND TIME OF LATEST TRANSACTION
control field 20171024112716.0
008 - FIXED-LENGTH DATA ELEMENTS--GENERAL INFORMATION
fixed length control field 171024b xxu||||| |||| 00| 0 eng d
020 ## - INTERNATIONAL STANDARD BOOK NUMBER
International Standard Book Number 0520079728
040 ## - CATALOGING SOURCE
Transcribing agency PK-LaUMT
082 ## - DEWEY DECIMAL CLASSIFICATION NUMBER
Classification number PKAC 128.3
Item number MOD-
245 ## - TITLE STATEMENT
Title Modernity and the hegemony of vision/
Statement of responsibility, etc David Michael Levin(Edit)
260 ## - PUBLICATION, DISTRIBUTION, ETC. (IMPRINT)
Place of publication, distribution, etc Berkeley:
Name of publisher, distributor, etc University of California press,
Date of publication, distribution, etc 1993
300 ## - PHYSICAL DESCRIPTION
Extent 408 p.
942 ## - ADDED ENTRY ELEMENTS (KOHA)
Koha item type Books
Holdings
Withdrawn status Lost status Damaged status Home library Current library Date acquired Full call number Barcode Date last seen Price effective from Koha item type
      UMT Main Campus UMT Main Campus 2017-10-24 PKAC 128.3 MOD- 115221 2017-10-24 2017-10-24 Books